Fiatalok és pályakezdők gazdasági attitűdjének vizsgálata

Bibliographic Details
Main Author: Schmidt Márk
Other Authors: Tóth Zsuzsanna
Format: Thesis
Kulcsszavak:fiatalok
munkaerő
munkaerőpiac
pályakezdők
Z generáció
Online Access:http://dolgozattar.uni-bge.hu/60088

MARC

LEADER 00000nta a2200000 i 4500
001 dolg60088
005 20260409145955.0
008 260409suuuu hu om 000 hun d
040 |a BGE Dolgozattár Repozitórium  |b hun 
041 |a hu 
100 1 |a Schmidt Márk 
245 1 0 |a Fiatalok és pályakezdők gazdasági attitűdjének vizsgálata  |c Schmidt Márk  |h [elektronikus dokumentum] 
520 3 |a A munkaerőpiac az elmúlt évtizedekben olyan mértékű strukturális és kulturális változáson ment keresztül, amelynek egyik legmarkánsabb aspektusa a különböző generációk eltérő munkavégzési attitűdjeiben és elvárásaiban ragadható meg. Az Y és Z generáció egyre meghatározóbb szereplőjévé válik a gazdaság szereplői közötti erőtérnek, miközben újfajta értékeket, normákat és igényeket hoznak magukkal. Az általam készített kérdőív és a vezetői interjú eredményei azt mutatják, hogy a fiatalok nemcsak technológiai szempontból képviselnek új hullámot, hanem társadalmi és munkahelyi viszonyaikban is paradigmaváltást sürgetnek. 
695 |a fiatalok 
695 |a munkaerő 
695 |a munkaerőpiac 
695 |a pályakezdők 
695 |a Z generáció 
700 1 |a Tóth Zsuzsanna  |e ths 
856 4 0 |u http://dolgozattar.uni-bge.hu/60088/1/Szakdolgozat%20Schmidt%20M%C3%A1rk%2004.29.pdf  |z Dokumentum-elérés 
856 4 0 |u http://dolgozattar.uni-bge.hu/60088/2/BA%20KM%20magyar%20b%C3%ADr%C3%A1lati%20lap%20K%C3%9CLS%C5%90%20202505%20HL.pdf  |z Dokumentum-elérés 
856 4 0 |u http://dolgozattar.uni-bge.hu/60088/3/B%C3%ADr%C3%A1lat_TZs.pdf  |z Dokumentum-elérés